Estadísticas para Prueba de la Ciudad del Vaticano

Haz click aquí para tomar la prueba!

Estadísticas generales

  • Esta prueba ha sido tomada 610 veces
  • La puntuación promedio es 12 de 18

Estadísticas de respuestas

PistaRespuesta% Correcto
La ciudad que rodea al VaticanoRoma
99%
Idioma utilizado en las comunicaciones oficialesItaliano
98%
El Vaticano es el país más ______ del mundo, con sólo 0,49 kilómetros cuadradosPequeño
94%
Papa actualFrancisco
93%
El Vaticano es el único país donde los cajeros automáticos tienen este idioma como opciónLatín
93%
La persona que pintó el techo de la Capilla SixtinaMiguel Ángel
88%
Se cree que el Vaticano tiene el mayor consumo per cápita de esta bebidaVino
86%
La iglesia más grande del mundoSan Pedro
71%
Sólo alrededor del 5% de la población del Vaticano son ______, la tasa más baja de cualquier paísMujeres
68%
Término para las cosas bajo la jurisdicción del Papa, que
incluye el Vaticano pero también otras propiedades de la iglesia
Santa {Sede}
68%
Guardaespaldas del PapaGuardia {Suiza}
67%
Antiguo nombre de las tierras controladas por el Papa antes del Tratado de Letrán de 1929Estados {Pontificios}
57%
El río cerca del cual se encuentra el VaticanoTiber
52%
Los objetos que aparecen en la banderaLlaves
51%
El primer ministro italiano que firmó ese tratadoBenito Mussolini
45%
Los objetos que aparecen en la banderaTiara
41%
Las personas que eligen al PapaColegio {Cardenalicio}
38%
Residencia oficial del PapaPalacio {Apostólico}
19%

Distribución de puntuación

Porcentaje por número respondido

Porcentaje de gente con cada puntuación

Historial de tus puntuaciones

No has tomado esta prueba